000 00573nam a2200217Ia 4500
008 240729s9999 xx 000 0 und d
022 _a1525-3198
245 0 _aJournal of Dairy Science
260 _aUnited States
260 _bElsevier
650 _a Animal culture
650 _a Animal culture
650 _a Cattle
650 _a Cattle
650 _a Dairy processing. Dairy products | Agriculture
650 _a Dairying
650 _aAgriculture
856 _uhttps://doaj.org/toc/5c56de02b0c14376a15e81a98d0a711e
942 _2ddc
942 _cDOAJEJ
999 _c68140
_d68140
945 _a1
_bMadushi Gamage
_c1
_dMadushi Gamage